000 00345nam a22001457a 4500
008 210310b ||||| |||| 00| 0 eng d
020 _a0070124477
041 _aeng
080 _23rd
_a510
082 _a510
100 _a36
101 _aMAT
245 _aElementary Numerical Analysis An Algorithmic Approach
_cConte,S.D
942 _2udc
_cBK
999 _c56164
_d56164